|
|
|
|
| LEADER |
00817nam a22001577a 4500 |
| 020 |
|
|
|a 978 81 203 3983 5
|
| 082 |
|
|
|a 658.812
|b BIS/R
|
| 100 |
|
|
|a Supriya Biswas
|9 167692
|
| 245 |
|
|
|a Relationship Marketing: Concepts, theories and cases
|
| 260 |
|
|
|a New Delhi
|b PHI Learning Private Limited
|c 2011
|
| 300 |
|
|
|a 406p
|
| 650 |
|
|
|a Customer Relationship - Marketing
|9 167693
|
| 856 |
|
|
|u https://books.google.co.in/books?id=rqZ2BAAAQBAJ&pg=PR1&dq=Relationship+Marketing:+Concepts,+theories+and+cases&hl=en&sa=X&ved=0CB0Q6AEwAGoVChMIqYX-nvmVxgIV1zS8Ch3IpwBz#v=onepage&q=Relationship%20Marketing%3A%20Concepts%2C%20theories%20and%20cases&f=false
|
| 942 |
|
|
|c BK
|
| 999 |
|
|
|c 187335
|d 187331
|
| 952 |
|
|
|0 0
|1 0
|4 0
|6 658_812000000000000_BIS_R
|7 0
|8 NFIC
|9 186444
|a SMBS
|b SMBS
|c GEN
|d 2015-06-17
|l 0
|o 658.812 BIS/R
|p SMBS3947
|r 2015-06-17
|w 2015-06-17
|y BK
|